000 00392nam a22001457a 4500
005 20200612150101.0
008 200612b xxu||||| |||| 00| 0 eng d
082 _a345.4 AIR
110 _aALL INDIA REPORTER,
_96052
245 _aALL INDIA REPORTER, [1979] [VOL-66] DELHI SECTION
260 _aMUMBAI
_bALL INDIA REPORTER,PVT. LTD.
300 _a88;p
650 _aLAW
_95701
942 _cJRL
999 _c7111
_d7109